000 03461nab a2200289 i 4500
003 BR-BrBNA
005 20260129145118.0
008 260129b2024 bl.ar|pooa||| 00| 0 eng |
040 _aBR-BrBNA
_beng
072 _aF50
100 _aOliveira-Neves, Patrícia de
100 _aSant’Anna-Santos, Bruno Francisco
100 _aRosa, Lurdes Zanchetta da
100 _aPereira, Antônio Batista
245 _aComparative leaf anatomy of the nothospecies ×Butyagrus nabonnandii (Arecaceae) with its parental species
500 _aPublicação on-line; 49 ref.; 1 table; 3 illus.; Summaries (En, Pt)
520 _a Abstract Anatomical studies of the leaf blade have been used to complement the morphological data and aid circumscription and identification in Arecaceae. The hybrid palm ×Butyagrus nabonnandii results from the natural cross between Butia odorata and Syagrus romanzoffiana. This study aimed to verify if the leaf anatomy can help identify the hybrid and differentiate it from the parental taxa. Samples from the middle portion of the pinnae were collected and subjected to the usual techniques for light microscopy. Three portions of the pinnae were sampled: margin, intermediate region, and midrib. The main characteristics considered were the arrangement of fibre and vascular bundles. Pinnae anatomy proved to be useful in the identification of ×B. nabonnandii, because it showed a distinctive pattern, highlighting the importance of leaf anatomy in differentiating the hybrid from parental taxa. The pinnae anatomy of the hybrid was a combination of parental taxa’s characters, similar to the external morphology. Key words: Butia, hybrid palm, plant anatomy, Syagrus, taxonomy. Resumo Estudos anatômicos da lâmina foliar têm sido usados para complementar os dados morfológicos e ajudar na circunscrição taxonômica em Arecaceae. A palmeira híbrida ×Butyagrus nabonnandii é o resultado de cruzamento natural entre Butia odorata e Syagrus romanzoffiana. Objetivou-se verificar se a anatomia foliar pode ajudar na identificação do híbrido, bem como diferenciá-lo dos taxa parentais, ajudando em possíveis dúvidas sobre a identificação taxonômica envolvendo esses três taxa. Amostras da porção mediana de pinas foram coletadas e sujeitas a técnicas usuais para microscopia óptica. Três regiões da pina foram amostradas: margem, região intermediária e nervura mediana. O arranjo das fibras e feixes vasculares foram os principais caracteres considerados. A anatomia da pina provou ser útil na identificação de ×B. nabonnandii, porque mostrou um padrão distinto, demonstrando a importância da anatomia foliar na diferenciação do híbrido dos taxa parentais. A anatomia do híbrido revelou uma combinação de caracteres de ambos os parentais, da mesma maneira como é observado na morfologia externa. Palavras-chave: Butia, palmeira híbrida, anatomia vegetal, Syagrus, taxonomia.
650 _aBUTIÁ
650 _aPALMEIRA OLEAGINOSA
650 _aANATOMIA VEGETAL
650 _aARECACEAE
650 _aTAXONOMIA
773 0 _0709
_9359346
_dRio de Janeiro-RJ Jardim Botanico do Rio de Janeiro 1935
_o2025-7320
_tRodriguésia (Brazil)
_x0370-6583; 2175-7860 on-line
_gv. 75 p. 1-10; (2024)
_wBR2025007451
856 _uhttps://www.scielo.br/j/rod/a/b4xdkmYNMMZxY4GwF5YvnMy/?format=pdf&lang=en
942 _cANA
999 _c339962
_d339962